000 00625nam a2200229Ia 4500
005 20250508163859.0
008 008 250505s9999 xx 000 0 hin d
037 _aTextBook
040 _aFEDL
_beng
_cFEDL
041 _ahin
_2eng
084 _a370, MAK
_qFEDL
100 _aMakarenko Anton
245 0 _aAshiksha se shiksha ki aur
260 _aDelhi, India
_bPremnath and Sons India
_c2000
300 _a191p
365 _aINR
_b250
490 _aShiksha ka Mahakavya: 2
650 _aEducation
700 _a Nagar N Tr. Joshi D K Tr.
_9776650
942 _cTB
_h370, MAK
999 _c1385764
_d1385764